000 00748nam a22002771 4500
001 1226
003 BD-RjUL
005 20211208233309.0
008 131125r19841949 nyu 001 0 eng d
035 _a(OCoLC)ocm00224933
035 _a(BD-RjUL)1248
040 _aDLC
_cDLC
_dBD-RjUL
_beng
041 _aeng
082 _a136.52
_216
_bOVM 1977
100 1 _aOverstreet, H. A.
_q(Harry Allen),
_d1875-1970.
_93624
245 1 4 _aThe mature mind /
_cH. A. Overstreet.
250 _a[1st ed.]
260 _aNew York:
_bW. W. Norton,
_cc1977.
300 _a295 p. ;
_c29 cm.
650 0 _aMind and body.
_9396
650 0 _aMental discipline.
_93625
942 _2ddc
_cBK
999 _c1226
_d1226